书目信息 |
| 题名: |
弹性力学
|
|
| 作者: | 米海珍 , 李春燕 编著 | |
| 分册: | ||
| 出版信息: | 重庆 重庆大学出版社 2001.10 |
|
| 页数: | 136页 | |
| 开本: | 26cm | |
| 丛书名: | ||
| 单 册: | ||
| 中图分类: | O343-43 | |
| 科图分类: | ||
| 主题词: | 固体力学 | |
| 电子资源: | ||
| ISBN: | 7-5624-2367-9 | |
| 000 | 00595nam0 2200205 45 | |
| 001 | 0256474080 | |
| 005 | 2002061015411408 | |
| 010 | @a7-5624-2367-9@dRMB 15.00 | |
| 100 | @a20020610d2001 km y0chiy0120 ea | |
| 101 | 0 | @achi |
| 102 | @aCN@b420000 | |
| 200 | 1 | @a弹性力学@Adan xing li xue@f米海珍,李春燕编著@Fmi hai zhen,li chun yan bian zhu |
| 210 | @a重庆@c重庆大学出版社@d2001.10 | |
| 215 | @a136页@d26cm | |
| 606 | 0 | @a固体力学 |
| 690 | @aO343-43@v3 | |
| 701 | 0 | @a米海珍@Ami hai zhen@4编著 |
| 701 | 0 | @a李春燕@Ali chun yan@4编著 |
| 801 | 0 | @aCN@bPFT@c20020610 |
| 905 | @a10447@dO343-43@eM655 | |
| 弹性力学/米海珍,李春燕编著.-重庆:重庆大学出版社,2001.10 |
| 136页;26cm |
| ISBN 7-5624-2367-9:RMB 15.00 |
| ● |
| 相关链接 |
|
|
|
正题名:弹性力学
索取号:O343-43/M655
 
预约/预借
| 序号 | 登录号 | 条形码 | 馆藏地/架位号 | 状态 | 备注 |
| 1 | 361711 | 203617112 | 自科库401/401自科库 53排1列4层/ [索取号:O343-43/M655] | 在馆 | |
| 2 | 361712 | 203617121 | 自科库401/401自科库 53排1列4层/ [索取号:O343-43/M655] | 在馆 | |
| 3 | 361713 | 203617130 | 自科库401/401自科库 53排1列4层/ [索取号:O343-43/M655] | 在馆 |